[Event "Team Championship (women rapid)"]
[Site "Sochi"]
[Date "2017.10.03"]
[Round "4.2"]
[White "Granovskaya, Ekaterina"]
[Black "Stepanyan, Eva"]
[Result "0-1"]
[LiveChessVersion "1.4.8"]
[BlackElo "1864"]
[WhiteElo "1722"]

1. e4 {[%clk 0:15:18]} e5 {[%clk 0:15:19]} 2. Nf3 {[%clk 0:15:26]} Nc6
{[%clk 0:15:27]} 3. Bc4 {[%clk 0:15:34]} Bc5 {[%clk 0:15:35]} 4. c3
{[%clk 0:15:39]} Nf6 {[%clk 0:15:42]} 5. d4 {[%clk 0:15:47]} exd4
{[%clk 0:15:48]} 6. e5 {[%clk 0:15:55]} d5 {[%clk 0:15:39]} 7. Bb5
{[%clk 0:16:02]} Ne4 {[%clk 0:15:44]} 8. cxd4 {[%clk 0:16:09]} Be7
{[%clk 0:15:33]} 9. Nc3 {[%clk 0:16:05]} Bf5 {[%clk 0:15:25]} 10. O-O
{[%clk 0:14:20]} O-O {[%clk 0:15:27]} 11. Bxc6 {[%clk 0:14:14]} bxc6
{[%clk 0:15:34]} 12. Be3 {[%clk 0:13:45]} Rb8 {[%clk 0:14:27]} 13. Qc1
{[%clk 0:11:33]} Qd7 {[%clk 0:10:52]} 14. Nd2 {[%clk 0:10:12]} Nxd2
{[%clk 0:09:20]} 15. Qxd2 {[%clk 0:09:44]} Rfd8 {[%clk 0:07:54]} 16. Rfd1
{[%clk 0:08:16]} Rb4 {[%clk 0:06:25]} 17. Ne2 {[%clk 0:06:18]} Rc4
{[%clk 0:04:46]} 18. Rac1 {[%clk 0:06:00]} Bb4 {[%clk 0:03:51]} 19. Nc3
{[%clk 0:05:58]} c5 {[%clk 0:03:12]} 20. b3 {[%clk 0:05:52]} Bxc3
{[%clk 0:02:49]} 21. Qe2 {[%clk 0:03:49]} Rxd4 {[%clk 0:01:50]} 22. Bxd4
{[%clk 0:02:02]} cxd4 {[%clk 0:01:56]} 23. Qa6 {[%clk 0:01:12]} c5
{[%clk 0:01:55]} 24. Qe2 {[%clk 0:00:48]} d3 {[%clk 0:01:40]} 25. Qe3
{[%clk 0:00:42]} Bb4 {[%clk 0:01:39]} 26. Kh1 {[%clk 0:00:40]} d4
{[%clk 0:01:20]} 27. Qf4 {[%clk 0:00:33]} d2 {[%clk 0:01:25]} 28. Rc4
{[%clk 0:00:36]} Be6 {[%clk 0:01:14]} 29. Rxb4 {[%clk 0:00:38]} cxb4
{[%clk 0:01:22]} 30. Qxd2 {[%clk 0:00:47]} Bf5 {[%clk 0:01:17]} 31. Qxb4
{[%clk 0:00:51]} d3 {[%clk 0:01:24]} 32. Qd2 {[%clk 0:00:56]} Rc8
{[%clk 0:01:30]} 33. f3 {[%clk 0:00:43]} h6 {[%clk 0:01:29]} 34. h3
{[%clk 0:00:28]} Rc2 {[%clk 0:01:16]} 35. Qa5 {[%clk 0:00:36]} Qc7
{[%clk 0:01:09]} 36. Qxc7 {[%clk 0:00:30]} Rxc7 {[%clk 0:01:17]} 37. g4
{[%clk 0:00:39]} Bg6 {[%clk 0:01:23]} 38. f4 {[%clk 0:00:46]} Be4+
{[%clk 0:01:26]} 39. Kg1 {[%clk 0:00:55]} Rc2 {[%clk 0:01:14]} 40. a3
{[%clk 0:00:59]} d2 {[%clk 0:01:13]} 41. Kf2 {[%clk 0:01:08]} Bd5
{[%clk 0:00:54]} 42. Ke3 {[%clk 0:00:54]} Bxb3 {[%clk 0:00:53]} 43. Rxd2
{[%clk 0:01:03]} Rxd2 44. Kxd2 {[%clk 0:01:12]} a5 {[%clk 0:01:05]} 45. Kc3
{[%clk 0:01:19]} a4 {[%clk 0:01:14]} 46. Kd4 {[%clk 0:01:19]} Kf8
{[%clk 0:01:22]} 47. f5 {[%clk 0:00:26]} Ke7 {[%clk 0:01:25]} 48. Ke4
{[%clk 0:00:33]} g6 {[%clk 0:01:06]} 49. h4 {[%clk 0:00:21]} Bc2+
{[%clk 0:00:56]} 50. Kf4 {[%clk 0:00:30]} gxf5 {[%clk 0:01:01]} 51. gxf5
{[%clk 0:00:37]} Bd1 {[%clk 0:00:40]} 52. Ke4 {[%clk 0:00:38]} f6
{[%clk 0:00:33]} 53. Kf4 {[%clk 0:00:26]} fxe5+ {[%clk 0:00:30]} 54. Kxe5
{[%clk 0:00:34]} Kf7 {[%clk 0:00:37]} 55. Kf4 {[%clk 0:00:29]} Kf6 0-1

[Event "Team Championship (women rapid)"]
[Site "Sochi"]
[Date "2017.10.03"]
[Round "4.3"]
[White "Chekletsova, Darya"]
[Black "Ilyina, Lada"]
[Result "0-1"]
[LiveChessVersion "1.4.8"]
[BlackElo "1804"]
[WhiteElo "1591"]

1. d4 {[%clk 0:15:19]} d5 {[%clk 0:15:19]} 2. c4 {[%clk 0:15:28]} c6
{[%clk 0:15:29]} 3. cxd5 {[%clk 0:15:36]} cxd5 {[%clk 0:15:37]} 4. Nc3
{[%clk 0:15:44]} Nf6 {[%clk 0:15:46]} 5. Nf3 {[%clk 0:15:52]} Nc6
{[%clk 0:15:55]} 6. h3 {[%clk 0:15:52]} h6 {[%clk 0:15:43]} 7. Bf4
{[%clk 0:15:54]} a6 {[%clk 0:15:52]} 8. a3 {[%clk 0:15:56]} e6 {[%clk 0:15:28]}
9. e3 {[%clk 0:15:49]} Bd6 {[%clk 0:15:37]} 10. Bh2 {[%clk 0:15:43]} b5
{[%clk 0:15:36]} 11. Bd3 {[%clk 0:14:41]} O-O {[%clk 0:15:28]} 12. b4
{[%clk 0:14:36]} Bxh2 {[%clk 0:14:58]} 13. Nxh2 {[%clk 0:14:40]} e5
{[%clk 0:15:04]} 14. dxe5 {[%clk 0:14:21]} Nxe5 {[%clk 0:15:11]} 15. Bc2
{[%clk 0:13:58]} Bb7 {[%clk 0:14:16]} 16. O-O {[%clk 0:13:51]} Rc8
{[%clk 0:11:46]} 17. Ne2 {[%clk 0:13:42]} Qe7 {[%clk 0:11:03]} 18. Nd4
{[%clk 0:13:32]} g6 {[%clk 0:11:00]} 19. Nhf3 {[%clk 0:12:19]} Nfd7
{[%clk 0:10:32]} 20. Nxe5 {[%clk 0:11:06]} Nxe5 {[%clk 0:10:41]} 21. Qd2
{[%clk 0:10:21]} Rc7 {[%clk 0:10:24]} 22. Bb3 {[%clk 0:10:03]} Rfc8
{[%clk 0:09:44]} 23. Rfc1 {[%clk 0:09:25]} Nc4 {[%clk 0:09:49]} 24. Qe1
{[%clk 0:08:03]} Nd6 {[%clk 0:07:28]} 25. Ba2 {[%clk 0:06:25]} Rxc1
{[%clk 0:05:35]} 26. Rxc1 {[%clk 0:06:33]} Nc4 {[%clk 0:05:34]} 27. Rc3
{[%clk 0:06:25]} Rd8 {[%clk 0:05:19]} 28. Qe2 {[%clk 0:05:49]} Qg5
{[%clk 0:05:08]} 29. Nf3 {[%clk 0:04:51]} Qf6 {[%clk 0:05:10]} 30. Nd4
{[%clk 0:04:50]} Re8 {[%clk 0:04:57]} 31. Qg4 {[%clk 0:04:17]} Re7
{[%clk 0:02:22]} 32. Qg3 {[%clk 0:04:03]} h5 {[%clk 0:01:48]} 33. Qb8+
{[%clk 0:03:22]} Kg7 {[%clk 0:01:57]} 34. Qg3 {[%clk 0:03:30]} Nd2
{[%clk 0:01:04]} 35. Rc2 {[%clk 0:02:07]} Ne4 {[%clk 0:00:33]} 36. Qf3
{[%clk 0:02:10]} Qd6 {[%clk 0:00:23]} 37. Bb3 {[%clk 0:01:33]} Rc7
{[%clk 0:00:15]} 38. Rxc7 {[%clk 0:01:25]} Qxc7 {[%clk 0:00:24]} 39. Bc2
{[%clk 0:01:00]} Nd2 {[%clk 0:00:13]} 40. Qe2 {[%clk 0:01:02]} Nc4
{[%clk 0:00:21]} 41. Qf3 {[%clk 0:01:10]} Nxa3 {[%clk 0:00:26]} 42. Bd3
{[%clk 0:00:52]} Nc4 {[%clk 0:00:24]} 43. Nb3 {[%clk 0:00:48]} Ne5
{[%clk 0:00:24]} 44. Qe2 {[%clk 0:00:54]} Qc3 {[%clk 0:00:18]} 45. Nc5
{[%clk 0:00:51]} Bc8 {[%clk 0:00:27]} 46. f4 {[%clk 0:00:34]} Qxb4
{[%clk 0:00:25]} 47. fxe5 {[%clk 0:00:42]} Qxc5 {[%clk 0:00:34]} 48. Qf3
{[%clk 0:00:46]} Qc1+ {[%clk 0:00:20]} 49. Kh2 {[%clk 0:00:52]} Qc6
{[%clk 0:00:28]} 50. g4 {[%clk 0:00:46]} hxg4 {[%clk 0:00:34]} 51. hxg4
{[%clk 0:00:54]} Qe6 {[%clk 0:00:40]} 52. Qf4 {[%clk 0:00:55]} Bd7
{[%clk 0:00:32]} 53. Be2 {[%clk 0:00:59]} a5 {[%clk 0:00:36]} 54. g5
{[%clk 0:00:31]} b4 {[%clk 0:00:26]} 55. Bg4 {[%clk 0:00:15]} Qxg4
{[%clk 0:00:30]} 56. Qf6+ {[%clk 0:00:24]} Kg8 {[%clk 0:00:36]} 57. Qd8+
{[%clk 0:00:32]} Kh7 {[%clk 0:00:44]} 58. Qxa5 {[%clk 0:00:40]} Qh3+
{[%clk 0:00:50]} 59. Kg1 {[%clk 0:00:49]} Qxe3+ {[%clk 0:00:58]} 60. Kh2
{[%clk 0:00:56]} Qxe5+ {[%clk 0:01:05]} 61. Kh1 {[%clk 0:01:04]} Qe4+
{[%clk 0:01:02]} 62. Kg1 {[%clk 0:01:12]} Qg4+ {[%clk 0:01:00]} 63. Kf2
{[%clk 0:01:21]} Qxg5 {[%clk 0:01:02]} 64. Qxb4 {[%clk 0:01:27]} Qf6+
{[%clk 0:00:55]} 65. Ke2 {[%clk 0:01:33]} d4 {[%clk 0:00:59]} 66. Qb8
{[%clk 0:01:22]} Qe6+ {[%clk 0:00:53]} 67. Kd2 {[%clk 0:01:25]} Qe3+
{[%clk 0:00:59]} 68. Kc2 {[%clk 0:01:31]} d3+ {[%clk 0:00:56]} 69. Kb2
{[%clk 0:01:39]} Qe2+ {[%clk 0:01:00]} 70. Kc3 {[%clk 0:01:46]} d2
{[%clk 0:01:00]} 71. Qd8 {[%clk 0:01:53]} d1=Q {[%clk 0:01:03]} 72. Qh4+
{[%clk 0:01:59]} Kg7 0-1

[Event "Team Championship (women rapid)"]
[Site "Sochi"]
[Date "2017.10.03"]
[Round "4.4"]
[White "Nur-Mukhametova, Alisa"]
[Black "Murzina, Agata"]
[Result "1-0"]
[LiveChessVersion "1.4.8"]
[BlackElo "1707"]
[WhiteElo "1683"]

1. e4 {[%clk 0:15:18]} e5 {[%clk 0:15:18]} 2. Nf3 {[%clk 0:15:26]} Nc6
{[%clk 0:15:27]} 3. Bb5 {[%clk 0:15:34]} Nf6 {[%clk 0:15:32]} 4. O-O
{[%clk 0:15:39]} d6 {[%clk 0:15:38]} 5. d4 {[%clk 0:14:51]} exd4 {[%clk 0:15:42]}
6. Nxd4 {[%clk 0:14:49]} Bd7 {[%clk 0:15:50]} 7. Re1 {[%clk 0:14:41]} Be7
{[%clk 0:15:57]} 8. Nc3 {[%clk 0:14:18]} O-O {[%clk 0:15:40]} 9. Nxc6
{[%clk 0:12:49]} Bxc6 {[%clk 0:15:39]} 10. Bxc6 {[%clk 0:12:53]} bxc6
{[%clk 0:15:48]} 11. Bf4 {[%clk 0:12:22]} Rb8 {[%clk 0:15:26]} 12. b3
{[%clk 0:12:30]} Nd7 {[%clk 0:14:54]} 13. Ne2 {[%clk 0:11:23]} f5
{[%clk 0:14:06]} 14. Nd4 {[%clk 0:09:17]} Bf6 {[%clk 0:13:08]} 15. Nxc6
{[%clk 0:08:18]} Qc8 {[%clk 0:13:16]} 16. Nxb8 {[%clk 0:07:39]} Nxb8
{[%clk 0:13:18]} 17. e5 {[%clk 0:06:59]} dxe5 {[%clk 0:12:35]} 18. Bxe5
{[%clk 0:07:00]} Nd7 {[%clk 0:12:42]} 19. Qd5+ {[%clk 0:06:36]} Kh8
{[%clk 0:12:50]} 20. Bxf6 {[%clk 0:06:47]} Nxf6 {[%clk 0:12:58]} 21. Qe6
{[%clk 0:06:48]} Qd8 {[%clk 0:12:04]} 22. Rad1 {[%clk 0:06:44]} Qb8
{[%clk 0:12:04]} 23. Qxf5 {[%clk 0:06:01]} Ng8 {[%clk 0:12:06]} 24. Qe5
{[%clk 0:05:22]} Qb6 {[%clk 0:12:08]} 25. Qe3 {[%clk 0:05:22]} Qg6
{[%clk 0:12:14]} 26. c4 {[%clk 0:05:10]} a6 {[%clk 0:11:41]} 27. h3
{[%clk 0:05:03]} Nf6 {[%clk 0:11:23]} 28. Qg3 {[%clk 0:04:51]} Qf7
{[%clk 0:11:30]} 29. Re5 {[%clk 0:03:56]} Nd7 {[%clk 0:11:18]} 30. Red5
{[%clk 0:03:45]} Nf6 {[%clk 0:11:03]} 31. Rd8 {[%clk 0:03:29]} Ne8
{[%clk 0:11:11]} 32. Qf3 {[%clk 0:03:04]} Qe7 {[%clk 0:11:00]} 33. Qxf8+
{[%clk 0:02:58]} Qxf8 {[%clk 0:11:07]} 34. Re1 {[%clk 0:03:07]} Kg8
{[%clk 0:09:10]} 35. Rexe8 {[%clk 0:03:10]} Qxe8 {[%clk 0:09:15]} 36. Rxe8+
{[%clk 0:03:19]} Kf7 {[%clk 0:09:25]} 37. Ra8 {[%clk 0:03:24]} h5
{[%clk 0:09:30]} 38. Rxa6 {[%clk 0:03:31]} g5 {[%clk 0:09:38]} 39. b4
{[%clk 0:03:36]} g4 {[%clk 0:09:44]} 40. b5 {[%clk 0:03:42]} Ke7 {[%clk 0:09:50]}
41. b6 {[%clk 0:03:49]} cxb6 {[%clk 0:09:55]} 42. Rxb6 {[%clk 0:03:57]} gxh3
{[%clk 0:09:59]} 43. gxh3 {[%clk 0:04:05]} Kd7 {[%clk 0:10:06]} 44. a4
{[%clk 0:04:13]} h4 {[%clk 0:10:11]} 45. a5 {[%clk 0:04:20]} Kc7 {[%clk 0:10:19]}
46. c5 {[%clk 0:04:28]} Kc8 {[%clk 0:10:19]} 47. a6 {[%clk 0:04:36]} Kc7
{[%clk 0:10:27]} 48. a7 {[%clk 0:04:44]} Kd7 {[%clk 0:10:35]} 49. a8=Q
{[%clk 0:04:50]} Ke7 {[%clk 0:10:44]} 50. Qa7+ {[%clk 0:04:55]} Kf8
{[%clk 0:10:51]} 51. Rb8# {[%clk 0:05:03]} 1-0

[Event "Team Championship (women rapid)"]
[Site "Sochi"]
[Date "2017.10.03"]
[Round "4.5"]
[White "Charochkina, Daria"]
[Black "Ambartsumova, Karina"]
[Result "0-1"]
[LiveChessVersion "1.4.8"]
[BlackElo "2339"]
[WhiteElo "2326"]

1. d4 {[%clk 0:15:19]} Nf6 {[%clk 0:15:16]} 2. Bf4 {[%clk 0:15:28]} g6
{[%clk 0:15:20]} 3. Nc3 {[%clk 0:15:36]} d5 {[%clk 0:14:32]} 4. e3
{[%clk 0:15:45]} Bg7 {[%clk 0:14:37]} 5. h4 {[%clk 0:15:53]} c6 {[%clk 0:13:46]}
6. Be2 {[%clk 0:15:52]} h5 {[%clk 0:13:13]} 7. Nf3 {[%clk 0:15:58]} Bg4
{[%clk 0:13:01]} 8. Ne5 {[%clk 0:16:06]} Bxe2 {[%clk 0:12:57]} 9. Qxe2
{[%clk 0:16:13]} Nbd7 {[%clk 0:12:43]} 10. f3 {[%clk 0:16:13]} Nxe5
{[%clk 0:11:33]} 11. Bxe5 {[%clk 0:16:02]} Kf8 {[%clk 0:10:29]} 12. O-O-O
{[%clk 0:15:31]} b5 {[%clk 0:10:11]} 13. Kb1 {[%clk 0:14:11]} Nd7
{[%clk 0:09:59]} 14. Bxg7+ {[%clk 0:13:19]} Kxg7 {[%clk 0:10:07]} 15. e4
{[%clk 0:13:25]} e6 {[%clk 0:10:02]} 16. g4 {[%clk 0:11:29]} b4 {[%clk 0:07:14]}
17. Na4 {[%clk 0:11:37]} hxg4 {[%clk 0:07:21]} 18. fxg4 {[%clk 0:11:24]} Rxh4
{[%clk 0:07:22]} 19. Rhf1 {[%clk 0:11:20]} Qg5 {[%clk 0:07:10]} 20. Qa6
{[%clk 0:11:00]} dxe4 {[%clk 0:05:40]} 21. Qb7 {[%clk 0:09:51]} Rd8
{[%clk 0:05:46]} 22. Nc5 {[%clk 0:08:37]} Qd5 {[%clk 0:05:11]} 23. Qc7
{[%clk 0:07:55]} Rhh8 {[%clk 0:03:32]} 24. Qf4 {[%clk 0:07:30]} f5
{[%clk 0:01:39]} 25. Na6 {[%clk 0:04:52]} Nf6 {[%clk 0:01:27]} 26. gxf5
{[%clk 0:02:24]} exf5 27. Rg1 Ng4 {[%clk 0:01:23]} 28. Nc5 {[%clk 0:01:14]} Qd6
{[%clk 0:01:13]} 29. Qg5 {[%clk 0:01:11]} Rde8 {[%clk 0:01:12]} 30. Rdf1
{[%clk 0:00:55]} Rh5 {[%clk 0:01:10]} 31. Qd2 {[%clk 0:00:59]} e3
{[%clk 0:00:52]} 32. Qxb4 {[%clk 0:01:07]} Rh2 {[%clk 0:00:22]} 33. Qb3
{[%clk 0:00:56]} e2 {[%clk 0:00:23]} 34. Re1 {[%clk 0:01:04]} Kf6
{[%clk 0:00:14]} 35. Qb7 {[%clk 0:01:00]} Qxd4 {[%clk 0:00:18]} 36. Qxc6+
{[%clk 0:01:04]} Kf7 {[%clk 0:00:19]} 37. Qb7+ {[%clk 0:00:32]} Re7
{[%clk 0:00:26]} 38. Qb3+ {[%clk 0:00:40]} Kf6 {[%clk 0:00:24]} 39. Nd3
{[%clk 0:00:22]} Nf2 {[%clk 0:00:16]} 40. Nb4 {[%clk 0:00:19]} Ne4
{[%clk 0:00:14]} 41. Nd5+ {[%clk 0:00:26]} Kg7 {[%clk 0:00:23]} 42. Qg3
{[%clk 0:00:17]} Nxg3 {[%clk 0:00:23]} 0-1

[Event "Team Championship (women rapid)"]
[Site "Sochi"]
[Date "2017.10.03"]
[Round "4.6"]
[White "Nebolsina, Vera"]
[Black "Vasilevich, Tatjana"]
[Result "1/2-1/2"]
[LiveChessVersion "1.4.8"]
[BlackElo "2367"]
[WhiteElo "2236"]

1. e4 {[%clk 0:15:15]} c5 {[%clk 0:15:19]} 2. Nf3 {[%clk 0:15:23]} a6
{[%clk 0:15:27]} 3. c3 {[%clk 0:15:31]} e6 {[%clk 0:15:35]} 4. d4
{[%clk 0:15:37]} d5 {[%clk 0:15:43]} 5. exd5 {[%clk 0:15:44]} exd5
{[%clk 0:15:52]} 6. g3 {[%clk 0:15:50]} Nc6 {[%clk 0:15:50]} 7. Bg2
{[%clk 0:15:54]} Bg4 {[%clk 0:15:56]} 8. O-O {[%clk 0:15:50]} cxd4
{[%clk 0:16:01]} 9. Qb3 {[%clk 0:12:16]} d3 {[%clk 0:12:40]} 10. Re1+
{[%clk 0:09:59]} Be7 {[%clk 0:12:47]} 11. Ne5 {[%clk 0:09:47]} Be2
{[%clk 0:11:12]} 12. Bf4 {[%clk 0:07:43]} Nf6 {[%clk 0:10:18]} 13. c4
{[%clk 0:04:57]} O-O {[%clk 0:08:58]} 14. Nxc6 {[%clk 0:04:37]} bxc6
{[%clk 0:09:06]} 15. Nc3 {[%clk 0:04:45]} Bd6 {[%clk 0:04:49]} 16. Nxe2
{[%clk 0:04:49]} dxe2 {[%clk 0:04:57]} 17. Bxd6 {[%clk 0:04:55]} Qxd6
{[%clk 0:05:03]} 18. Rxe2 {[%clk 0:05:04]} Rab8 {[%clk 0:04:55]} 19. Qd3
{[%clk 0:04:54]} d4 {[%clk 0:04:58]} 20. c5 {[%clk 0:04:14]} Qxc5
{[%clk 0:04:46]} 21. Rd1 {[%clk 0:04:18]} Rfd8 {[%clk 0:01:27]} 22. Rc2
{[%clk 0:03:50]} Qb5 {[%clk 0:01:19]} 23. Bxc6 {[%clk 0:03:53]} Qxd3
{[%clk 0:01:14]} 24. Rxd3 {[%clk 0:04:02]} Rbc8 {[%clk 0:01:16]} 25. Ba4
{[%clk 0:04:07]} Rxc2 {[%clk 0:01:00]} 26. Bxc2 {[%clk 0:04:16]} Ne4
{[%clk 0:00:53]} 1/2-1/2

[Event "Team Championship (women rapid)"]
[Site "Sochi"]
[Date "2017.10.03"]
[Round "4.7"]
[White "Gritsayeva, Oksana"]
[Black "Belova, Olga"]
[Result "1-0"]
[LiveChessVersion "1.4.8"]
[BlackElo "2158"]
[WhiteElo "2358"]

1. Nf3 {[%clk 0:15:18]} d5 {[%clk 0:15:19]} 2. d4 {[%clk 0:15:01]} Nf6
{[%clk 0:15:26]} 3. Bf4 {[%clk 0:14:35]} e6 {[%clk 0:15:10]} 4. e3
{[%clk 0:14:34]} Be7 {[%clk 0:15:07]} 5. Bd3 {[%clk 0:14:07]} b6 {[%clk 0:14:20]}
6. c3 {[%clk 0:14:10]} Bb7 {[%clk 0:14:27]} 7. Ne5 {[%clk 0:14:09]} O-O
{[%clk 0:14:21]} 8. Nd2 {[%clk 0:13:29]} c5 {[%clk 0:14:00]} 9. Qc2
{[%clk 0:12:13]} Nc6 {[%clk 0:12:41]} 10. g4 {[%clk 0:11:23]} c4 {[%clk 0:07:15]}
11. Be2 {[%clk 0:11:31]} Nxe5 {[%clk 0:07:22]} 12. Bxe5 {[%clk 0:11:05]} b5
{[%clk 0:07:24]} 13. Bf3 {[%clk 0:10:04]} Nd7 {[%clk 0:06:56]} 14. Bg3
{[%clk 0:10:12]} Bh4 {[%clk 0:06:49]} 15. Bg2 {[%clk 0:08:29]} Re8
{[%clk 0:04:52]} 16. f4 {[%clk 0:07:13]} a5 {[%clk 0:02:56]} 17. g5
{[%clk 0:06:51]} Bxg3+ {[%clk 0:03:00]} 18. hxg3 {[%clk 0:07:00]} Nf8
{[%clk 0:03:09]} 19. Nf3 {[%clk 0:06:31]} f6 {[%clk 0:02:38]} 20. g4
{[%clk 0:05:29]} Kf7 {[%clk 0:01:42]} 21. gxf6 {[%clk 0:05:35]} Kxf6
{[%clk 0:00:34]} 22. Ne5 {[%clk 0:05:03]} Ke7 {[%clk 0:00:37]} 23. g5
{[%clk 0:03:56]} Qb6 {[%clk 0:00:37]} 24. Kf2 {[%clk 0:02:22]} g6
{[%clk 0:00:32]} 25. Rh6 {[%clk 0:01:46]} Kd8 {[%clk 0:00:35]} 26. Rah1
{[%clk 0:01:53]} Re7 {[%clk 0:00:44]} 27. Bf3 {[%clk 0:01:47]} Kc7
{[%clk 0:00:39]} 28. Kg3 {[%clk 0:01:48]} Rc8 {[%clk 0:00:46]} 29. R6h2
{[%clk 0:01:49]} Kb8 {[%clk 0:00:55]} 30. Re2 {[%clk 0:01:51]} Rcc7
{[%clk 0:00:46]} 31. Bg4 {[%clk 0:01:40]} Ka7 {[%clk 0:00:51]} 32. a3
{[%clk 0:01:42]} a4 {[%clk 0:00:58]} 33. Rh6 {[%clk 0:01:46]} Qd6
{[%clk 0:00:46]} 34. Reh2 {[%clk 0:01:53]} Rg7 {[%clk 0:00:49]} 35. Bf3
{[%clk 0:01:55]} Rce7 {[%clk 0:00:35]} 36. Kf2 {[%clk 0:02:00]} Nd7
{[%clk 0:00:44]} 37. Ng4 {[%clk 0:01:43]} Rgf7 {[%clk 0:00:28]} 38. Ke1
{[%clk 0:01:52]} Ka6 {[%clk 0:00:29]} 39. Qg2 {[%clk 0:01:54]} Qb6
{[%clk 0:00:24]} 40. R2h3 {[%clk 0:01:54]} Qd6 {[%clk 0:00:23]} 41. Qh2
{[%clk 0:01:57]} Nf8 {[%clk 0:00:22]} 42. Nf6 {[%clk 0:01:42]} Qc7
{[%clk 0:00:32]} 43. Kd2 {[%clk 0:01:35]} Ka7 {[%clk 0:00:36]} 44. Bd1
{[%clk 0:01:31]} Ka6 {[%clk 0:00:44]} 45. R3h4 {[%clk 0:01:31]} Ka7
{[%clk 0:00:50]} 46. Bc2 {[%clk 0:01:36]} Ka6 {[%clk 0:00:46]} 47. Ng4
{[%clk 0:01:37]} Rg7 {[%clk 0:00:38]} 48. Ne5 {[%clk 0:01:35]} Ka5
{[%clk 0:00:31]} 49. Qh1 {[%clk 0:01:20]} Ka6 {[%clk 0:00:19]} 50. Qf3
{[%clk 0:01:17]} Nd7 {[%clk 0:00:19]} 51. Qg3 {[%clk 0:00:57]} Nb6
{[%clk 0:00:20]} 52. Qh2 {[%clk 0:00:59]} Nc8 {[%clk 0:00:16]} 53. Ng4
{[%clk 0:00:56]} Nd6 {[%clk 0:00:16]} 54. Nf6 {[%clk 0:00:59]} Nf5
{[%clk 0:00:18]} 55. Bxf5 {[%clk 0:01:04]} exf5 {[%clk 0:00:27]} 56. Rxh7
{[%clk 0:01:10]} Qd6 {[%clk 0:00:24]} 57. Rxg7 {[%clk 0:01:14]} Rxg7
{[%clk 0:00:33]} 58. Rh7 {[%clk 0:01:18]} Re7 {[%clk 0:00:39]} 59. Rxe7
{[%clk 0:01:20]} Qxe7 {[%clk 0:00:48]} 60. Qh7 {[%clk 0:01:26]} Qd8
{[%clk 0:00:14]} 61. Qxg6 {[%clk 0:01:32]} Qh8 {[%clk 0:00:23]} 62. Qh6
{[%clk 0:01:37]} Qd8 {[%clk 0:00:28]} 63. Nd7+ {[%clk 0:01:29]} Ka7
{[%clk 0:00:32]} 64. Qd6 {[%clk 0:01:23]} Bc8 {[%clk 0:00:23]} 65. Qc5+
{[%clk 0:01:26]} Ka6 {[%clk 0:00:16]} 66. Qc6+ {[%clk 0:01:24]} Ka7
{[%clk 0:00:23]} 67. Nc5 {[%clk 0:01:15]} Qh8 {[%clk 0:00:29]} 68. Qh6
{[%clk 0:01:15]} Qd8 {[%clk 0:00:17]} 69. g6 {[%clk 0:01:14]} Qf6
{[%clk 0:00:26]} 70. Qh7+ {[%clk 0:01:21]} Kb6 {[%clk 0:00:30]} 71. g7
{[%clk 0:01:26]} 1-0

[Event "Team Championship (women rapid)"]
[Site "Sochi"]
[Date "2017.10.03"]
[Round "4.8"]
[White "Shafigullina, Zarina"]
[Black "Potapova, Margarita"]
[Result "1/2-1/2"]
[LiveChessVersion "1.4.8"]
[BlackElo "2104"]
[WhiteElo "2080"]

1. d4 {[%clk 0:15:18]} Nf6 {[%clk 0:15:18]} 2. Nf3 {[%clk 0:15:27]} e6
{[%clk 0:15:27]} 3. g3 {[%clk 0:15:36]} d5 {[%clk 0:15:36]} 4. Bg2
{[%clk 0:15:45]} Be7 {[%clk 0:15:44]} 5. O-O {[%clk 0:15:53]} O-O
{[%clk 0:15:53]} 6. c4 {[%clk 0:16:01]} dxc4 {[%clk 0:15:59]} 7. Ne5
{[%clk 0:15:48]} Nc6 {[%clk 0:16:05]} 8. Nxc6 {[%clk 0:14:52]} bxc6
{[%clk 0:16:12]} 9. Nc3 {[%clk 0:14:52]} Rb8 {[%clk 0:15:41]} 10. e4
{[%clk 0:14:29]} c5 {[%clk 0:13:55]} 11. e5 {[%clk 0:12:31]} Nd7 {[%clk 0:13:17]}
12. Qg4 {[%clk 0:09:02]} f5 {[%clk 0:12:01]} 13. Qd1 {[%clk 0:09:12]} Bb7
{[%clk 0:09:40]} 14. d5 {[%clk 0:04:20]} Nxe5 {[%clk 0:09:29]} 15. Qe2
{[%clk 0:04:29]} Bf6 {[%clk 0:08:59]} 16. dxe6 {[%clk 0:03:28]} Bxg2
{[%clk 0:08:58]} 17. Kxg2 {[%clk 0:03:37]} Qd6 {[%clk 0:06:19]} 18. Bf4
{[%clk 0:03:35]} Qxe6 {[%clk 0:05:20]} 19. Bxe5 {[%clk 0:03:22]} Bxe5
{[%clk 0:03:42]} 20. Rfe1 {[%clk 0:02:37]} Rfe8 {[%clk 0:03:21]} 21. Qf3
{[%clk 0:01:08]} Qf7 {[%clk 0:03:12]} 22. Rab1 {[%clk 0:01:07]} Bd4
{[%clk 0:02:27]} 23. Rxe8+ {[%clk 0:00:36]} Rxe8 {[%clk 0:02:31]} 24. Nd5
{[%clk 0:00:41]} Re4 {[%clk 0:01:49]} 25. Nc3 {[%clk 0:00:33]} Re8
{[%clk 0:01:41]} 26. h4 {[%clk 0:00:29]} h6 {[%clk 0:01:24]} 27. Nd5
{[%clk 0:00:33]} c6 {[%clk 0:01:02]} 28. Nc3 {[%clk 0:00:34]} Bxc3
{[%clk 0:01:00]} 29. bxc3 {[%clk 0:00:26]} Qd5 {[%clk 0:00:51]} 30. Rb7
{[%clk 0:00:34]} Rd8 {[%clk 0:00:22]} 31. Rxa7 {[%clk 0:00:12]} Qxf3+
{[%clk 0:00:28]} 32. Kxf3 {[%clk 0:00:21]} Rd3+ {[%clk 0:00:38]} 33. Ke2
{[%clk 0:00:18]} Rxc3 {[%clk 0:00:46]} 34. a4 {[%clk 0:00:22]} Ra3
{[%clk 0:00:48]} 35. Kd2 {[%clk 0:00:24]} Ra2+ {[%clk 0:00:25]} 36. Kc3
{[%clk 0:00:33]} Rxf2 {[%clk 0:00:34]} 37. a5 {[%clk 0:00:20]} g5
{[%clk 0:00:27]} 38. hxg5 {[%clk 0:00:23]} hxg5 {[%clk 0:00:36]} 39. a6
{[%clk 0:00:30]} f4 {[%clk 0:00:34]} 40. gxf4 {[%clk 0:00:20]} gxf4
{[%clk 0:00:42]} 41. Ra8+ {[%clk 0:00:27]} Kg7 {[%clk 0:00:49]} 42. Re8
{[%clk 0:00:16]} Ra2 {[%clk 0:00:48]} 43. Re4 {[%clk 0:00:16]} Rxa6
{[%clk 0:00:44]} 44. Rxf4 {[%clk 0:00:25]} Ra3+ {[%clk 0:00:52]} 45. Kc2
{[%clk 0:00:33]} Ra4 {[%clk 0:00:52]} 46. Kc3 {[%clk 0:00:42]} Kg6
{[%clk 0:00:53]} 47. Rxc4 {[%clk 0:00:28]} Ra3+ {[%clk 0:00:49]} 48. Kc2
{[%clk 0:00:36]} Ra5 {[%clk 0:00:57]} 49. Rf4 {[%clk 0:00:45]} Kg5
{[%clk 0:00:59]} 50. Rf8 {[%clk 0:00:53]} Ra4 {[%clk 0:00:48]} 51. Kc3
{[%clk 0:00:34]} Re4 {[%clk 0:00:32]} 52. Rf7 {[%clk 0:00:28]} c4
{[%clk 0:00:20]} 53. Rf8 {[%clk 0:00:33]} c5 {[%clk 0:00:21]} 54. Rc8
{[%clk 0:00:25]} Kf4 {[%clk 0:00:17]} 55. Rxc5 {[%clk 0:00:33]} Ke5 1/2-1/2